Extracto de las leyes del Fuero viejo de Castilla con el primitivo Fuero de León, Asturias y Galicia, se añaden el antiguo Fuero de Sepúlveda, y los concedidos por S. Fernando á Córdova y Sevilla / (Record no. 197763)

MARC details
000 -LEADER
campo de control de longitud fija 01920nam a2200421 i 4500
001 - NÚMERO DE CONTROL
campo de control 197763
003 - IDENTIFICADOR DE NÚMERO DE CONTROL
campo de control ES-MaACL
005 - FECHA Y HORA DE LA ÚLTIMA TRANSACCIÓN
campo de control 20250912063059.0
008 - DATOS DE LONGITUD FIJA--INFORMACIÓN GENERAL
campo de control de longitud fija 250723r20011798sp | ||| ||spa
016 7# - NÚMERO DE CONTROL DE UNA AGENCIA BIBLIOGRÁFICA NACIONAL
Número de control del registro bimoBNE20020284060
Fuente SpMaBN
017 ## - NÚMERO DE COPYRIGHT O DE DEPÓSITO LEGAL
Número de copyright o de depósito legal VA 547-2001
Agencia que asigna Oficina Depósito Legal Valladolid
020 ## - NÚMERO INTERNACIONAL ESTÁNDAR DEL LIBRO
Número Internacional Estándar del Libro 8495636395
035 ## - NÚMERO DE CONTROL DEL SISTEMA
Número de control de sistema (OCoLC)434394535
035 ## - NÚMERO DE CONTROL DEL SISTEMA
Número de control de sistema (SpMaBN)Mimo0001771143
040 ## - FUENTE DE CATALOGACIÓN
Centro catalogador/agencia de origen SpMaBN
Lengua de catalogación spa
Centro/agencia transcriptor SpMaBN
Normas de descripción rdc
080 ## - NÚMERO DE LA CLASIFICACIÓN DECIMAL UNIVERSAL
Número de la Clasificación Decimal Universal 34(460.18)"10"(094.5)
080 ## - NÚMERO DE LA CLASIFICACIÓN DECIMAL UNIVERSAL
Número de la Clasificación Decimal Universal 34(460.18)"13"(094.5)
080 ## - NÚMERO DE LA CLASIFICACIÓN DECIMAL UNIVERSAL
Número de la Clasificación Decimal Universal 352(460.188 Sepúlveda)"10"(094.5)
130 ## - ENTRADA PRINCIPAL--TÍTULO UNIFORME
Título uniforme Fuero viejo de Castilla
9 (RLIN) 241445
245 10 - MENCIÓN DEL TÍTULO
Título Extracto de las leyes del Fuero viejo de Castilla con el primitivo Fuero de León, Asturias y Galicia, se añaden el antiguo Fuero de Sepúlveda, y los concedidos por S. Fernando á Córdova y Sevilla /
Mención de responsabilidad, etc. formado para facilitar su lectura y la instrucción de sus disposiciones por el Lic. D. Juan de la Reguera Valdelomár.
260 ## - PUBLICACIÓN, DISTRIBUCIÓN, ETC.
Lugar de publicación, distribución, etc. Valladolid :
Nombre del editor, distribuidor, etc. Maxtor,
Fecha de publicación, distribución, etc. [2001].
300 ## - DESCRIPCIÓN FÍSICA
Extensión 327 páginas ;
Dimensiones 16 cm.
336 ## - TIPO DE CONTENIDO
Fuente rdacontent
Término de tipo de contenido texto
337 ## - TIPO DE MEDIO
Fuente rdamedia
Nombre/término del tipo de medio sin mediación
338 ## - TIPO DE SOPORTE
Fuente rdacarrier
Nombre/término del tipo de soporte volumen
534 ## - NOTA SOBRE LA VERSIÓN ORIGINAL
Frase introductoria Reproducción de la edición de:
Publicación, distribución, etc. del original Madrid : Imprenta Viuda e Hijo de Marín, 1798
650 #4 - PUNTO DE ACCESO ADICIONAL DE MATERIA--TÉRMINO DE MATERIA
Término de materia o nombre geográfico como elemento de entrada Fueros-
Subdivisión geográfica Castilla (Reino)
Fuente del encabezamiento o término embne
9 (RLIN) 12990
650 #0 - PUNTO DE ACCESO ADICIONAL DE MATERIA--TÉRMINO DE MATERIA
Término de materia o nombre geográfico como elemento de entrada Fueros-
Subdivisión geográfica León (Reino)
Fuente del encabezamiento o término embne
9 (RLIN) 241446
650 #0 - PUNTO DE ACCESO ADICIONAL DE MATERIA--TÉRMINO DE MATERIA
Término de materia o nombre geográfico como elemento de entrada Fueros-
Subdivisión geográfica Sepúlveda
Fuente del encabezamiento o término embne
9 (RLIN) 241447
655 #0 - TERMINO DE INDIZACIÓN--GENERO/FORMA
Datos o término principal de género/forma Fueros
Fuente del término tgfbne
9 (RLIN) 241448
700 1# - ENTRADA AGREGADA--NOMBRE PERSONAL
Nombre de persona Reguera Valdelomar, Juan de la,
Fechas asociadas al nombre ca. 1750-1817
9 (RLIN) 241449
Término indicativo de función/relación Autor
852 ## - LOCALIZACIÓN
Ubicación ES-MaACL
Ubicación en estantería Depósito J
Número de control de estantería N-10660
Donativo/Legado Donación: José Lázaro García
Encuadernación Encuadernación rústica con solapas
itemnumber 206788
903 ## - NOMBRE PERSONAL DE DONANTE
9 234219
a Lázaro García, José
e Donante
942 ## - ELEMENTOS DE ENTRADA SECUNDARIOS (KOHA)
Tipo de ítem Koha Libro impreso
Suprimir en OPAC No
Holdings
Estatus retirado Estado de pérdida Fuente del sistema de clasificación o colocación Estado de daño No para préstamo Biblioteca de origen Biblioteca actual Ubicación en estantería Fecha de adquisición Fuente de adquisición Total de préstamos Signatura topográfica completa Código de barras Visto por última vez Precio de reemplazo Tipo de ítem Koha
    Clasificación decimal universal     Biblioteca del Ateneo de Madrid Biblioteca del Ateneo de Madrid Depósito J 10/09/2025 Donación   N-16060 2025-1162 10/09/2025 10/09/2025 Libro impreso